Words ending with -nx - Statistics

General Stats
  • This quiz has been taken 40 times
  • The average score is 5 of 10
Answer Stats
Hint Answer % Correct
A borough of New York City Bronx
95%
Voice box Larynx
87%
A short-tailed wildcat with tufted ears Lynx
76%
An evil spell Jinx
68%
A winged monster with a woman's head and breast on a lion's body Sphinx
61%
A seductive woman who uses her sex appeal to exploit men Minx
47%
Any of the bones of the fingers or toes Phalanx
47%
Part of the throat above the voice box Pharynx
29%
The vocal organ of birds, or a pan flute, or a nymph in Greek mythology Syrinx
5%
A trumpet-like instrument of the ancient Greeks, or a tube in the uterus Salpinx
3%
No matching quizzes found
Score Distribution
Percent of People with Each Score
Percentile by Number Answered
Your Score History
You have not taken this quiz